000
00277nam a2200121Ia 4500
008
190216s9999||||xx |||||||||||||| ||und||
100
_a
Jai Nimbkar
245
4
_a
The Phantom Bird And Other Stories
260
_b
Rupa & Co.
300
_a
211
650
_a
English
942
_c
BK
999
_c
14088
_d
14088